000 00503nam a2200181Ia 4500
008 240925s9999 xx 000 0 und d
020 _a133344835
082 _a515.15 RAS
100 _aRashid, Muhammad H.
245 0 _aPower Electronics: circuits, devices and applications
250 _a2nd
260 _aNew York:
_bJohn Wiley & Sons
_c,1993.
300 _axxii,477p.
_bNA
_fOriginal
500 _aIncludes Index
600 _aHumanities & Natural Science
650 _aMathematics
942 _cBK
999 _c8437
_d8437